<?xml version="1.0" encoding="UTF-8"?><?xml-stylesheet type="text/xsl" href="static/style.xsl"?><OAI-PMH xmlns="http://www.openarchives.org/OAI/2.0/" xmlns:xsi="http://www.w3.org/2001/XMLSchema-instance" xsi:schemaLocation="http://www.openarchives.org/OAI/2.0/ http://www.openarchives.org/OAI/2.0/OAI-PMH.xsd"><responseDate>2026-04-17T04:33:16Z</responseDate><request verb="GetRecord" identifier="oai:www.recercat.cat:11351/5063" metadataPrefix="marc">https://recercat.cat/oai/request</request><GetRecord><record><header><identifier>oai:recercat.cat:11351/5063</identifier><datestamp>2025-10-24T08:25:27Z</datestamp><setSpec>com_2072_378064</setSpec><setSpec>com_2072_378040</setSpec><setSpec>col_2072_378075</setSpec></header><metadata><record xmlns="http://www.loc.gov/MARC21/slim" xmlns:dcterms="http://purl.org/dc/terms/" xmlns:xsi="http://www.w3.org/2001/XMLSchema-instance" xmlns:doc="http://www.lyncode.com/xoai" xsi:schemaLocation="http://www.loc.gov/MARC21/slim http://www.loc.gov/standards/marcxml/schema/MARC21slim.xsd">
   <leader>00925njm 22002777a 4500</leader>
   <datafield ind2=" " ind1=" " tag="042">
      <subfield code="a">dc</subfield>
   </datafield>
   <datafield ind2=" " ind1=" " tag="720">
      <subfield code="a">Vives-Vilagut, Roser</subfield>
      <subfield code="e">author</subfield>
   </datafield>
   <datafield ind2=" " ind1=" " tag="720">
      <subfield code="a">Gasol-Boncompte, Montserrat</subfield>
      <subfield code="e">author</subfield>
   </datafield>
   <datafield ind2=" " ind1=" " tag="720">
      <subfield code="a">Carrascosa Carrillo, Manuel</subfield>
      <subfield code="e">author</subfield>
   </datafield>
   <datafield ind2=" " ind1=" " tag="260">
      <subfield code="c">2020-07-03T12:30:31Z</subfield>
   </datafield>
   <datafield ind2=" " ind1=" " tag="260">
      <subfield code="c">2020-07-03T12:30:31Z</subfield>
   </datafield>
   <datafield ind2=" " ind1=" " tag="260">
      <subfield code="c">2020-02</subfield>
   </datafield>
   <datafield ind2=" " ind1=" " tag="520">
      <subfield code="a">Dermatitis atòpica; Corticoides tòpics; Immunosupressors; Dupilumab</subfield>
   </datafield>
   <datafield ind2=" " ind1=" " tag="520">
      <subfield code="a">Dermatitis atópica; Corticoides tópicos; Inmunosupresores; Dupilumab</subfield>
   </datafield>
   <datafield ind2=" " ind1=" " tag="520">
      <subfield code="a">Atopic dermatitis; Topical corticosteroids; Immunosuppressants; Dupilumab</subfield>
   </datafield>
   <datafield ind2=" " ind1=" " tag="520">
      <subfield code="a">La dermatitis atòpica (DA) és una dermatosi inflamatòria, pruriginosa, d’evolució crònica o recurrent. La major part de les vegades debuta poc després del naixement o durant la primera infància, i pot persistir o començar en l’edat adulta. Es caracteritza per la presència de pruïja, lesions eczematoses amb una distribució característica, xerosi i liquenificació. El seu diagnòstic es basa principalment en aspectes clínics de la malaltia, i per determinar-ne la gravetat es poden utilitzar diverses escales. La base del tractament de la DA en les formes lleus i moderades és l’ús d’emol·lients per combatre la xerosi, mesures higienicodietètiques i l’aplicació d’antiinflamatoris tòpics per tractar l’èczema. Els antiinflamatoris de primera&#xd;
elecció són els corticoides tòpics. Per a la DA lleu i en infants, s’usen els corticoides de potència baixa a moderada, mentre que els de potència alta s’utilitzen per a la DA moderada i greu, en aquest darrer cas, com a complement de tractaments sistèmics. Malgrat això, en l’elecció de la potència s’ha de tenir en compte també l’edat del pacient i la localització de les lesions. Els inhibidors de la calcineurina tòpics (tacrolimús i pimecrolimús) són una alternativa als corticoides tòpics, amb una eficàcia comparable als de potència baixa a moderada, però sense potencial atrofogènic local, i se solen reservar per a zones sensibles com la cara. En els casos de DA en què no s’aconsegueix controlar la malaltia amb tractaments tòpics i/o fototeràpia, i en general en casos greus, cal emprar immunosupressors sistèmics. Tot i que es fan servir diversos immunosupressors convencionals, la ciclosporina és l’únic aprovat&#xd;
per a la DA greu. Presenta bones propietats antiinflamatòries a curt termini, però el seu perfil de seguretat en condiciona l’ús a llarg termini. Per als casos més greus que no responen als immunosupressors sistèmics o en pacients que no els poden rebre, hi ha disponible dupilumab, un fàrmac biològic que inhibeix la senyalització d’IL-4/IL-13.</subfield>
   </datafield>
   <datafield ind2=" " ind1=" " tag="520">
      <subfield code="a">La dermatitis atópica (DA) es una dermatosis inflamatoria, pruriginosa, de evolución crónica o recurrente. La mayoría de veces debuta poco después del nacimiento o durante la primera etapa de la infancia y puede persistir o comenzar en la edad adulta. Se caracteriza por la presencia de prurito, lesiones eccematosas con una distribución característica, xerosis y liquenificación. Su diagnóstico se basa principalmente en aspectos clínicos de la enfermedad y para determinar su gravedad se pueden utilizar diferentes escalas. La base del tratamiento de la DA en las formas leves y moderadas es el uso de emolientes para combatir la xerosis,&#xd;
las medidas higiénico-dietéticas y la aplicación de antiinflamatorios tópicos para tratar el eccema. Los antiinflamatorios de primera elección son los corticoides tópicos. Para la DA leve y en niños se usan los corticoides de potencia baja a moderada, mientras que los de potencia alta se utilizan para la DA moderada y grave, en este último caso, como complemento de tratamientos sistémicos. A pesar de esto, en la elección de la potencia se debe tener en cuenta también la edad del paciente y la localización de las lesiones. Los inhibidores de la calcineurina tópicos (tracolimus y pimecrolimus) son una alternativa a los corticoides tópicos, con una eficacia comparable a los de potencia baja a moderada pero sin potencial atrofogénico local, y se suelen reservar para zonas sensibles como la cara. En los casos de DA en los que no se consigue controlar la enfermedad con tratamientos tópicos y/o&#xd;
fototerapia, y en general en casos graves, se deben utilizar inmunosupresores sistémicos. A pesar de que se utilizan diferentes inmunosupresores convencionales, la ciclosporina es el único aprobado para la DA grave. Presenta buenas propiedades antiinflamatorias a corto plazo, pero su perfil de seguridad condiciona su uso a largo plazo. Para los casos más graves que no responden a los inmunosupresores sistémicos y para pacientes que no los pueden recibir hay disponible dupilumab, un fármaco biológico que inhibe la señalización de la IL 4/IL-13.</subfield>
   </datafield>
   <datafield ind1="8" ind2=" " tag="024">
      <subfield code="a">http://hdl.handle.net/11351/5063</subfield>
   </datafield>
   <datafield tag="653" ind2=" " ind1=" ">
      <subfield code="a">Dermatitis atòpica - Tractament</subfield>
   </datafield>
   <datafield tag="653" ind2=" " ind1=" ">
      <subfield code="a">Corticosteroides</subfield>
   </datafield>
   <datafield tag="653" ind2=" " ind1=" ">
      <subfield code="a">Medicaments immunosupressors</subfield>
   </datafield>
   <datafield tag="653" ind2=" " ind1=" ">
      <subfield code="a">DISEASES::Congenital, Hereditary, and Neonatal Diseases and Abnormalities::Genetic Diseases, Inborn::Skin Diseases, Genetic::Dermatitis, Atopic</subfield>
   </datafield>
   <datafield tag="653" ind2=" " ind1=" ">
      <subfield code="a">Other subheadings::Other subheadings::Other subheadings::/drug therapy</subfield>
   </datafield>
   <datafield tag="653" ind2=" " ind1=" ">
      <subfield code="a">CHEMICALS AND DRUGS::Hormones, Hormone Substitutes, and Hormone Antagonists::Hormones::Adrenal Cortex Hormones</subfield>
   </datafield>
   <datafield tag="653" ind2=" " ind1=" ">
      <subfield code="a">CHEMICALS AND DRUGS::Chemical Actions and Uses::Pharmacologic Actions::Physiological Effects of Drugs::Immunologic Factors::Immunosuppressive Agents</subfield>
   </datafield>
   <datafield tag="653" ind2=" " ind1=" ">
      <subfield code="a">ENFERMEDADES::enfermedades y anomalías neonatales congénitas y hereditarias::enfermedades genéticas congénitas::enfermedades cutáneas genéticas::dermatitis atópica</subfield>
   </datafield>
   <datafield tag="653" ind2=" " ind1=" ">
      <subfield code="a">Otros calificadores::Otros calificadores::Otros calificadores::/tratamiento farmacológico</subfield>
   </datafield>
   <datafield tag="653" ind2=" " ind1=" ">
      <subfield code="a">COMPUESTOS QUÍMICOS Y DROGAS::hormonas, sustitutos de hormonas y antagonistas de hormonas::hormonas::hormonas de la corteza suprarrenal</subfield>
   </datafield>
   <datafield tag="653" ind2=" " ind1=" ">
      <subfield code="a">COMPUESTOS QUÍMICOS Y DROGAS::acciones y usos químicos::acciones farmacológicas::efectos fisiológicos de los fármacos::factores inmunitarios::inmunosupresores</subfield>
   </datafield>
   <datafield ind2="0" ind1="0" tag="245">
      <subfield code="a">Dermatitis atòpica: com la tractem?</subfield>
   </datafield>
   <datafield ind2="0" ind1="0" tag="245">
      <subfield code="a">Dermatitis atópica: ¿cómo tratarla?</subfield>
   </datafield>
</record></metadata></record></GetRecord></OAI-PMH>